Statistics for Most Common U.S. Female Names - Extreme

Click here to take the quiz!

General Stats

  • This quiz has been taken 26 times
    (3 since last reset)
  • The average score is 201 of 500

Answer Stats

#Name% Correct
396,621Abigail
100%
213,724Alicia
100%
305,519Allison
100%
308,835Alyssa
100%
103,049Ana
100%
413,485Andrea
100%
265,200Ann
100%
440,146Anna
100%
52,046Annabelle
100%
192,545Anne
100%
112,895Annie
100%
318,822Ava
100%
258,574Brianna
100%
541,685Carol
100%
143,689Cathy
100%
444,306Christina
100%
467,826Christine
100%
47,403Dianna
100%
71,946Dianne
100%
48,862Eliza
100%
1,145,200Elizabeth
100%
215,819Ella
100%
89,116Ellie
100%
546,502Emma
100%
305,146Erin
100%
101,020Esther
100%
134,856Eva
100%
134,190Faith
100%
82,656Gabriela
100%
130,868Gabriella
100%
134,664Gabrielle
100%
148,004Gail
100%
79,510Georgia
100%
221,449Helen
100%
100,107Isabel
100%
375,078Janet
100%
59,485Jessie
100%
237,169Joan
100%
98,110Kara
100%
818,847Karen
100%
84,358Karla
100%
69,303Kate
100%
520,145Kathleen
100%
281,165Kathy
100%
195,588Katie
100%
448,087Kelly
100%
48,348Lana
100%
51,775Lena
100%
52,942Lilly
100%
888,066Lisa
100%
496,950Margaret
100%
462,924Maria
100%
720,409Melissa
100%
57,917Paisley
100%
226,960Paula
100%
91,704Penelope
100%
77,071Rachael
100%
507,578Rachel
100%
653,142Rebecca
100%
138,999Regina
100%
577,085Samantha
100%
77,432Shelly
100%
167,093Sofia
100%
393,888Sophia
100%
91,428Sophie
100%
702,135Stephanie
100%
85,841Summer
100%
121,470Tamara
100%
304,638Tammy
100%
78,393Terry
100%
249,776Vanessa
100%
184,448Veronica
100%
460,316Victoria
100%
164,389Wanda
100%
237,932Wendy
100%
103,807Aaliyah
50%
58,937Abby
50%
141,583Addison
50%
92,411Adriana
50%
47,199Alaina
50%
62,468Alana
50%
100,768Alexandria
50%
212,748Alice
50%
55,145Alisha
50%
109,882Alison
50%
54,775Alma
50%
748,634Amanda
50%
363,073Amber
50%
642,491Amy
50%
89,399Angelica
50%
99,501Angelina
50%
124,011Annette
50%
229,648April
50%
82,924Aria
50%
114,479Ariana
50%
75,366Ariel
50%
71,345Arlene
50%
839,385Ashley
50%
47,816Aubree
50%
127,395Aubrey
50%
206,707Audrey
50%
137,984Autumn
50%
106,593Bailey
50%
856,479Barbara
50%
49,499Beatrice
50%
74,529Becky
50%
74,001Bella
50%
97,097Bethany
50%
352,226Betty
50%
212,179Bonnie
50%
102,899Brandy
50%
504,962Brenda
50%
94,726Briana
50%
84,242Bridget
50%
353,219Brittany
50%
80,590Brittney
50%
192,819Brooke
50%
119,455Brooklyn
50%
52,100Callie
50%
76,982Candace
50%
64,069Candice
50%
49,947Cara
50%
132,278Carla
50%
109,257Carmen
50%
191,770Caroline
50%
370,875Carolyn
50%
75,792Casey
50%
386,897Catherine
50%
79,823Cecilia
50%
54,911Celeste
50%
300,941Charlotte
50%
229,572Cindy
50%
134,794Colleen
50%
200,681Connie
50%
71,419Cora
50%
251,936Courtney
50%
49,771Cristina
50%
604,505Cynthia
50%
95,094Daisy
50%
177,474Dana
50%
65,593Daniela
50%
360,201Danielle
50%
147,015Darlene
50%
259,188Dawn
50%
117,910Deanna
50%
163,448Debbie
50%
621,146Deborah
50%
55,127Delilah
50%
80,314Desiree
50%
310,126Diana
50%
403,424Diane
50%
610,741Donna
50%
136,077Doris
50%
270,163Dorothy
50%
67,635Edith
50%
56,055Edna
50%
131,856Eleanor
50%
90,443Elena
50%
154,897Ellen
50%
55,499Emilia
50%
805,205Emily
50%
224,202Erica
50%
184,008Frances
50%
85,530Genesis
50%
54,511Genevieve
50%
97,793Gianna
50%
47,903Giselle
50%
49,012Gladys
50%
78,759Glenda
50%
305,408Grace
50%
86,622Gwendolyn
50%
156,422Haley
50%
433,384Hannah
50%
124,149Harper
50%
504,318Heather
50%
138,941Heidi
50%
191,002Holly
50%
102,065Irene
50%
68,811Iris
50%
384,699Isabella
50%
81,085Isabelle
50%
68,207Jacquelyn
50%
66,187Jada
50%
48,187Jaime
50%
256,919Jamie
50%
211,170Jane
50%
281,407Janice
50%
145,050Jenna
50%
1,400,040Jennifer
50%
80,949Jenny
50%
1,020,590Jessica
50%
185,488Jill
50%
81,303Jillian
50%
118,107Jo
50%
101,626Joann
50%
97,221Joanna
50%
140,334Joanne
50%
108,015Jocelyn
50%
74,324Jodi
50%
50,182Jody
50%
132,711Jordan
50%
59,852Jordyn
50%
89,092Juanita
50%
312,284Julia
50%
62,146Juliana
50%
49,100Julianna
50%
457,535Julie
50%
80,172June
50%
163,876Kaitlyn
50%
56,528Kari
50%
131,824Katelyn
50%
482,878Katherine
50%
96,220Katrina
50%
62,926Kay
50%
339,541Kayla
50%
136,525Kaylee
50%
71,183Kelli
50%
147,239Kelsey
50%
87,183Kennedy
50%
47,111Khloe
50%
53,815Kiara
50%
159,595Kim
50%
794,702Kimberly
50%
131,059Kristina
50%
67,016Kristy
50%
49,179Kylee
50%
614,736Laura
50%
462,282Lauren
50%
117,582Layla
50%
226,378Leah
50%
48,063Leilani
50%
243,697Leslie
50%
68,112Liliana
50%
200,951Lillian
50%
1,103,090Linda
50%
57,280Lucille
50%
125,527Lucy
50%
135,084Lydia
50%
59,622Lynda
50%
149,326Lynn
50%
48,506Lynne
50%
100,698Madelyn
50%
406,409Madison
50%
65,670Maggie
50%
105,929Makayla
50%
56,519Mallory
50%
92,872Marcia
50%
110,800Mariah
50%
184,561Marie
50%
211,849Marilyn
50%
118,407Marissa
50%
75,745Marjorie
50%
85,402Marlene
50%
81,981Marsha
50%
1,776,210Mary
50%
62,998Mckenzie
50%
429,498Megan
50%
244,195Melanie
50%
122,631Melinda
50%
101,723Melody
50%
51,863Michaela
50%
55,399Mikayla
50%
68,941Mildred
50%
111,426Miranda
50%
72,629Miriam
50%
158,005Molly
50%
663,124Nancy
50%
129,557Naomi
50%
78,536Natalia
50%
94,479Natasha
50%
93,714Nevaeh
50%
575,156Nicole
50%
87,897Nina
50%
121,631Nora
50%
515,589Olivia
50%
502,575Pamela
50%
1,064,370Patricia
50%
63,191Patsy
50%
54,587Pauline
50%
58,030Payton
50%
178,804Peggy
50%
84,664Penny
50%
146,670Phyllis
50%
58,367Piper
50%
47,060Raquel
50%
62,680Reagan
50%
72,317Rebekah
50%
163,447Renee
50%
95,828Roberta
50%
259,226Robin
50%
58,360Robyn
50%
92,823Rosa
50%
64,183Rylee
50%
136,088Sabrina
50%
123,074Sally
50%
674,142Sandra
50%
99,029Scarlett
50%
556,972Sharon
50%
139,159Shelby
50%
64,440Shelley
50%
54,309Sheri
50%
74,965Sherri
50%
98,238Sierra
50%
82,755Skylar
50%
139,309Stacey
50%
154,521Stacy
50%
89,036Sue
50%
893,327Susan
50%
172,210Sydney
50%
133,416Sylvia
50%
56,846Tabitha
50%
108,964Tanya
50%
168,001Tara
50%
324,357Taylor
50%
112,614Tonya
50%
233,024Tracy
50%
53,981Valentina
50%
69,822Valeria
50%
239,852Valerie
50%
47,832Vera
50%
126,026Vicki
50%
238,742Virginia
50%
123,266Vivian
50%
94,973Whitney
50%
109,001Yvonne
50%
147,619Zoe
50%
107,549Zoey
50%
59,257Adrienne
0%
51,196Aimee
0%
51,801Alejandra
0%
129,367Alexa
0%
237,219Alexandra
0%
337,987Alexis
0%
51,881Allyson
0%
218,367Amelia
0%
49,252Anastasia
0%
96,060Angel
0%
611,149Angela
0%
54,341Angie
0%
141,843Anita
0%
100,382Arianna
0%
46,990Ashlyn
0%
76,409Aurora
0%
157,540Avery
0%
64,492Belinda
0%
134,649Beth
0%
228,706Beverly
0%
74,790Bianca
0%
52,528Billie
0%
54,924Bobbie
0%
98,751Brandi
0%
81,081Breanna
0%
110,016Caitlin
0%
51,788Caitlyn
0%
108,867Camila
0%
63,957Camille
0%
64,873Carly
0%
65,887Carole
0%
166,225Carrie
0%
162,761Cassandra
0%
58,950Cassidy
0%
97,834Charlene
0%
159,288Chelsea
0%
367,800Cheryl
0%
69,228Cheyenne
0%
235,858Chloe
0%
92,130Christy
0%
163,442Claire
0%
101,088Clara
0%
100,537Claudia
0%
81,921Constance
0%
315,383Crystal
0%
469,699Debra
0%
56,413Delores
0%
329,028Denise
0%
148,899Destiny
0%
73,880Dolores
0%
49,616Dominique
0%
107,583Eileen
0%
152,074Elaine
0%
61,009Eliana
0%
64,694Elise
0%
121,280Erika
0%
48,504Esmeralda
0%
303,028Evelyn
0%
83,175Felicia
0%
81,748Geraldine
0%
141,688Gina
0%
239,574Gloria
0%
64,024Gracie
0%
54,340Guadalupe
0%
174,601Hailey
0%
50,214Hayley
0%
97,912Hazel
0%
83,709Hope
0%
65,687Ivy
0%
70,070Jackie
0%
47,858Jaclyn
0%
342,031Jacqueline
0%
96,554Jade
0%
52,597Janelle
0%
251,840Jasmine
0%
190,134Jean
0%
93,522Jeanette
0%
89,885Jeanne
0%
115,495Josephine
0%
50,865Josie
0%
106,378Joy
0%
291,362Joyce
0%
302,252Judith
0%
272,721Judy
0%
56,388Kaitlin
0%
59,753Karina
0%
319,390Kathryn
0%
48,099Kellie
0%
63,759Kendall
0%
94,772Kendra
0%
51,209Kirsten
0%
70,679Krista
0%
210,734Kristen
0%
71,766Kristi
0%
170,967Kristin
0%
76,689Kristine
0%
73,084Krystal
0%
117,599Kylie
0%
51,849Lacey
0%
145,879Laurie
0%
163,807Lily
0%
126,780Lindsay
0%
153,741Lindsey
0%
108,440Lois
0%
89,985Loretta
0%
310,365Lori
0%
95,506Lorraine
0%
81,891Louise
0%
72,303Luna
0%
136,988Mackenzie
0%
153,470Madeline
0%
46,866Marian
0%
46,987Marianne
0%
47,097Marisa
0%
239,103Martha
0%
110,270Maureen
0%
114,498Maya
0%
94,117Meghan
0%
70,585Meredith
0%
284,187Mia
0%
199,760Michele
0%
767,408Michelle
0%
73,224Mila
0%
81,132Misty
0%
229,716Monica
0%
75,272Monique
0%
218,529Morgan
0%
60,230Mya
0%
348,693Natalie
0%
61,667Nichole
0%
115,426Norma
0%
142,221Paige
0%
84,180Peyton
0%
90,739Priscilla
0%
184,395Rhonda
0%
131,817Riley
0%
145,714Rita
0%
198,921Rose
0%
90,347Rosemary
0%
52,997Roxanne
0%
152,324Ruby
0%
228,738Ruth
0%
91,536Sadie
0%
60,230Sandy
0%
353,663Sara
0%
889,481Sarah
0%
182,073Savannah
0%
54,697Selena
0%
72,367Serenity
0%
281,972Shannon
0%
194,151Sheila
0%
193,166Sherry
0%
66,275Sheryl
0%
325,167Shirley
0%
58,357Sonia
0%
59,144Sonya
0%
102,584Stella
0%
172,100Suzanne
0%
346,196Teresa
0%
129,084Terri
0%
52,908Tessa
0%
271,781Theresa
0%
328,568Tiffany
0%
263,582Tina
0%
87,157Toni
0%
80,082Tracey
0%
48,955Traci
0%
83,038Trinity
0%
91,860Vickie
0%
92,620Violet
0%
54,586Willow
0%
93,253Yolanda
0%
56,201Yvette
0%

Score Distribution

Percentile by Number Answered

Percent of People with Each Score

Your Score History

You have not taken this quiz since the last reset